|
|
|
|
| LEADER |
00000nas a2200000 a 4500 |
| 001 |
ssj0012497 |
| 003 |
WaSeSS |
| 005 |
20200512172242.0 |
| 006 |
m d |
| 007 |
cr n |
| 008 |
000405c20009999nyumn p s 0 a0eng c |
| 010 |
|
|
|a 00214709
|
| 016 |
7 |
|
|a 101142031
|2 DNLM
|
| 022 |
|
|
|l 1529-5389
|y 1529-5389
|
| 032 |
|
|
|a 014932
|b USPS
|
| 035 |
|
|
|a (WaSeSS)ssj0012497
|
| 037 |
|
|
|b Baby Talk, 1325 Ave. of the Americas, New York, NY 10019
|
| 040 |
|
|
|a NSD
|b eng
|c NSD
|d DLC
|d NLM
|d OCLCQ
|d DLC
|d OCLCF
|d OCLCO
|d YVO
|d OCLCQ
|d JDP
|d OCLCO
|d WaSeSS
|
| 042 |
|
|
|a nsdp
|a pcc
|
| 050 |
0 |
0 |
|a RJ1
|b .B25
|
| 082 |
0 |
0 |
|a 649/.102/42
|
| 130 |
0 |
|
|a Baby talk (New York, N.Y. : 2000)
|
| 210 |
0 |
|
|a Baby talk
|b (N.Y.N.Y., 2000)
|
| 222 |
|
0 |
|a Baby talk
|b (New York, N.Y. 2000)
|
| 245 |
1 |
0 |
|a Baby talk
|h [electronic resource].
|
| 260 |
|
|
|a New York, NY :
|b Parenting Group
|
| 260 |
3 |
|
|3 <May 2008-> :
|a New York, NY :
|b Bonnier Corp.
|
| 310 |
|
|
|a Monthly (except Dec./Jan. and June/July combined)
|
| 506 |
|
|
|a License restrictions may limit access.
|
| 588 |
|
|
|a Description based on: Vol. 64, no. 4 (Dec./Jan. 2000); title from cover.
|
| 650 |
|
0 |
|a Infants
|x Care
|v Periodicals.
|
| 650 |
|
0 |
|a Mothers
|v Periodicals.
|
| 650 |
|
7 |
|a Infants
|x Care.
|2 fast
|0 (OCoLC)fst00972108
|
| 650 |
|
7 |
|a Mothers.
|2 fast
|0 (OCoLC)fst01026940
|
| 655 |
|
0 |
|a Electronic journals.
|
| 780 |
0 |
0 |
|t Parenting's baby talk
|x 1092-1869
|w (DLC) 97647525
|w (OCoLC)36137728
|
| 850 |
|
|
|a DLC
|
| 856 |
4 |
0 |
|z Full text available from Research Library: 06/01/2001 to 04/30/2013
|u https://search.proquest.com/publication/25889
|